Tombstone Actors - Statistics

General Stats
  • This quiz has been taken 78 times
  • The average score is 5 of 15
Answer Stats
Role Actor % Correct
Doc Holliday Val Kilmer
95%
Wyatt Earp Kurt Russell
86%
Morgan Earp Bill Paxton
63%
Virgil Earp Sam Elliott
56%
"Curly Bill" Brocius Powers Boothe
33%
Johnny Tyler Billy Bob Thornton
30%
Johnny Ringo Michael Biehn
28%
Henry Hooker Charlton Heston
25%
Josephine Marcus Dana Delaney
21%
Billy Breakenridge Jason Priestley
19%
Billy Clanton Thomas Haden Church
19%
Narrator Robert Mitchum
18%
Ike Clanton Stephen Lang
18%
Marshal Fred White Harry Carey, Jr.
16%
Sheriff Johnny Behan Jon Tenney
9%
No matching quizzes found
Score Distribution
Percent of People with Each Score
Percentile by Number Answered
Your Score History
You have not taken this quiz